[Event "2e tournoi de maitres"]
[Site "Montigny le Bretonneux"]
[Date "2014.10.22"]
[Round "5.4"]
[White "Savina, Anastasia"]
[Black "Etrog, Jonathan"]
[Result "1-0"]
[WhiteElo "2395"]
[BlackElo "2255"]
[Annotator "Rivier,Sylvain"]
[PlyCount "75"]
[EventDate "2014.??.??"]

{Défense Benoni, attaque des quatre pions} 1. d4 Nf6 2. c4 c5 3. d5 e6 4. Nc3
exd5 5. cxd5 d6 6. Nf3 g6 7. Nd2 Nbd7 8. e4 Bg7 9. Be2 O-O 10. O-O Re8 11. f4
c4 12. Kh1 Nc5 13. e5 dxe5 14. fxe5 Rxe5 15. Nxc4 Re8 16. Bg5 Nce4 17. Nxe4
Rxe4 18. Qc2 Rd4 19. Qc3 Nxd5 20. Qxd4 Qxg5 21. Qc5 Be6 22. Rad1 b6 23. Qc6 Rc8
24. Qb7 Nf4 25. Nd6 Rf8 26. Bf3 Bxa2 27. g3 Ne6 28. Bg2 Nd4 29. Qxa7 Bd5 30.
Ne4 Qe5 31. Rde1 Nc2 32. Nf6+ Qxf6 33. Bxd5 Qd6 34. Rd1 Qb8 35. Qxb8 Rxb8 36.
Rxf7 Kh8 37. Bb3 Nd4 38. Rxg7 1-0

[Event "2e tournoi de maitres"]
[Site "Montigny le Bretonneux"]
[Date "2014.10.22"]
[Round "5.5"]
[White "Kambrath, Yannick"]
[Black "Jessel, Stephen"]
[Result "0-1"]
[WhiteElo "2267"]
[BlackElo "2342"]
[Annotator "Rivier,Sylvain"]
[PlyCount "236"]
[EventDate "2014.??.??"]

{Ouverture du pion dame} 1. d4 e6 2. c4 b6 3. a3 Bb7 4. Nc3 f5 5. Nf3 Nf6 6. e3
Be7 7. Be2 O-O 8. O-O Ne4 9. Qc2 Bf6 10. b4 Nxc3 11. Qxc3 c5 12. Bb2 d6 13. Qb3
Nd7 14. Rad1 Qc7 15. d5 e5 16. e4 f4 17. Ne1 Rfb8 18. Nd3 Nf8 19. Bg4 Qe7 20.
Rb1 g6 21. bxc5 bxc5 22. Qc3 Kg7 23. Qa5 h5 24. Be2 Bc8 25. Bc3 Nh7 26. f3 Ng5
27. Rb5 a6 28. Rb6 Nf7 29. Rfb1 Qa7 30. Rxb8 Rxb8 31. Rxb8 Qxb8 32. Bb2 Qb7 33.
Qc3 g5 34. Bd1 Bd7 35. g3 fxg3 36. hxg3 Qb6 37. Qd2 Qd8 38. f4 exf4 39. gxf4
gxf4 40. Nxf4 Bxb2 41. Nxh5+ Kf8 42. Qxb2 Qg5+ 43. Qg2 Qe3+ 44. Kh2 Ke7 45. a4
Ng5 46. Ng3 Qf4 47. a5 Kd8 48. Be2 Kc7 49. Bd1 Kc8 50. Be2 Bh3 51. Qg1 Bd7 52.
Qg2 Bh3 53. Qg1 Bg4 54. Bxg4+ Qxg4 55. Qe3 Nf3+ 56. Kg2 Nh4+ 57. Kh2 Nf3+ 58.
Kg2 Ng5 59. Qf2 Nxe4 60. Qf8+ Kd7 61. Qf7+ Kd8 62. Qf3 Qxf3+ 63. Kxf3 Nd2+ 64.
Ke3 Nxc4+ 65. Kd3 Nxa5 66. Ne4 Kc7 67. Kc3 Nb7 68. Kb3 Na5+ 69. Kc3 Kd7 70. Ng5
Kd8 71. Ne6+ Kd7 72. Ng5 Kd8 73. Ne6+ Kc8 74. Nf8 Kb7 75. Nd7 Kc7 76. Nf8 Kb6
77. Nd7+ Kb5 78. Nf6 Nb7 79. Ne8 a5 80. Nc7+ Kb6 81. Na8+ Ka7 82. Nc7 Kb8 83.
Na6+ Kc8 84. Kb3 Kd7 85. Nb8+ Kc7 86. Nc6 Kb6 87. Kc4 a4 88. Ne7 Na5+ 89. Kc3
Nb3 90. Nc8+ Kb5 91. Na7+ Kb6 92. Nc8+ Kc7 93. Na7 Na5 94. Nb5+ Kd7 95. Na3 Ke7
96. Nb5 Kd7 97. Na3 Ke8 98. Kc2 Ke7 99. Nb5 Nb7 100. Kd3 Na5 101. Ke4 Nc4 102.
Kd3 a3 103. Nc3 Nb6 104. Kc2 Kf6 105. Kb3 Ke5 106. Kxa3 Nxd5 107. Nb5 Ne3 108.
Kb3 d5 109. Na7 Kd4 110. Nc6+ Kd3 111. Ne5+ Ke4 112. Nd7 Kd4 113. Nb8 Kd3 114.
Na6 c4+ 115. Kb2 d4 116. Nc5+ Ke2 117. Na4 d3 118. Nc5 d2 0-1

[Event "2e tournoi de maitres"]
[Site "Montigny le Bretonneux"]
[Date "2014.10.23"]
[Round "6.1"]
[White "Etrog, Jonathan"]
[Black "Petkov, Vladimir"]
[Result "0-1"]
[WhiteElo "2255"]
[BlackElo "2528"]
[Annotator "Rivier,Sylvain"]
[PlyCount "56"]
[EventDate "2014.??.??"]

{Ouverture anglaise, variante sicilienne inversée} 1. c4 e5 2. g3 Nc6 3. Nc3 g6
4. Bg2 Bg7 5. e4 d6 6. Nge2 Be6 7. d3 Qd7 8. Nd5 Nce7 9. d4 c6 10. Nxe7 Nxe7
11. d5 Bh3 12. dxc6 bxc6 13. O-O Bxg2 14. Kxg2 O-O 15. Nc3 Qe6 16. b3 f5 17.
Ba3 Rad8 18. f3 h5 19. Qd3 Rf7 20. Rad1 Bf8 21. Rd2 f4 22. Rfd1 g5 23. Qe2 Ng6
24. c5 g4 25. Rd3 fxg3 26. hxg3 h4 27. fxg4 hxg3 28. Bc1 Rf2+ 0-1

[Event "2e tournoi de maitres"]
[Site "Montigny le Bretonneux"]
[Date "2014.10.23"]
[Round "6.2"]
[White "Ninov, Nikolai"]
[Black "Van Dongen, Patrick"]
[Result "1-0"]
[WhiteElo "2440"]
[BlackElo "2312"]
[Annotator "Rivier,Sylvain"]
[PlyCount "59"]
[EventDate "2014.??.??"]

{Défense française, variante classique} 1. e4 e6 2. d4 d5 3. Nc3 dxe4 4. Nxe4
Nd7 5. Nf3 Ngf6 6. Bg5 Be7 7. Nxf6+ Bxf6 8. Qd2 Bxg5 9. Nxg5 O-O 10. O-O-O Nf6
11. Be2 Bd7 12. f4 Bc6 13. Rhg1 Qd6 14. g4 b5 15. Nf3 Bxf3 16. Bxf3 Nd5 17.
Rdf1 b4 18. f5 a5 19. f6 Nxf6 20. Bxa8 Rxa8 21. Qf2 Qe7 22. g5 Nd5 23. h4 a4
24. Rg3 a3 25. bxa3 bxa3 26. Rf3 Rb8 27. c4 Qb4 28. Rb3 Qxc4+ 29. Kd2 Rf8 30.
Qxf7+ 1-0

[Event "2e tournoi de maitres"]
[Site "Montigny le Bretonneux"]
[Date "2014.10.23"]
[Round "6.3"]
[White "Jessel, Stephen"]
[Black "Joie, Sebastien"]
[Result "1/2-1/2"]
[WhiteElo "2342"]
[BlackElo "2398"]
[Annotator "Rivier,Sylvain"]
[PlyCount "86"]
[EventDate "2014.??.??"]

{Ouverture du pion dame} 1. Nf3 c5 2. c4 g6 3. d4 Bg7 4. e4 d6 5. Be2 Nc6 6.
dxc5 dxc5 7. Qxd8+ Nxd8 8. e5 Bg4 9. Bf4 Ne6 10. Bg3 h5 11. Nbd2 O-O-O 12. h3
Bxf3 13. Nxf3 Nh6 14. O-O Nf5 15. Rad1 Nfd4 16. Nxd4 Nxd4 17. Bd3 h4 18. Bh2 e6
19. Rfe1 Nc6 20. f4 Rd4 21. Be4 Rhd8 22. Rxd4 Rxd4 23. Bxc6 bxc6 24. Kf2 Rxc4
25. Kf3 Ra4 26. a3 Bf8 27. Bg1 Kc7 28. Bf2 Be7 29. Re4 c4 30. Be1 c5 31. Bc3
Kc6 32. Re2 Ra6 33. Rc2 Rb6 34. Ke4 Rb8 35. Rd2 Rh8 36. Rd1 Rh5 37. Rc1 Rf5 38.
Bd2 Kb5 39. a4+ Kxa4 40. Ra1+ Kb3 41. Rxa7 Bf8 42. Ra8 Bh6 43. Rh8 Kc2 1/2-1/2

[Event "2e tournoi de maitres"]
[Site "Montigny le Bretonneux"]
[Date "2014.10.23"]
[Round "6.4"]
[White "Justo, Damian"]
[Black "Savina, Anastasia"]
[Result "0-1"]
[WhiteElo "2353"]
[BlackElo "2395"]
[Annotator "Rivier,Sylvain"]
[PlyCount "54"]
[EventDate "2014.??.??"]

{Défense est-indienne} 1. d4 Nf6 2. c4 c5 3. d5 g6 4. Nc3 Bg7 5. e4 O-O 6. Bd3
e6 7. e5 Ne8 8. Nf3 d6 9. Be3 exd5 10. Nxd5 dxe5 11. Bxc5 Nd6 12. Be2 Re8 13.
O-O Nc6 14. Re1 Nf5 15. Bf1 b6 16. Ba3 Bb7 17. g3 b5 18. b3 e4 19. Nd2 b4 20.
Bc1 Bxa1 21. Nxe4 Rxe4 22. Rxe4 Bg7 23. Qe1 Ncd4 24. Bg2 Bxd5 25. cxd5 Nd6 26.
Re5 Bxe5 27. Qxe5 Qe8 0-1

[Event "2e tournoi de maitres"]
[Site "Montigny le Bretonneux"]
[Date "2014.10.23"]
[Round "6.5"]
[White "Saada, Julien"]
[Black "Kambrath, Yannick"]
[Result "0-1"]
[WhiteElo "2331"]
[BlackElo "2267"]
[Annotator "Rivier,Sylvain"]
[PlyCount "102"]
[EventDate "2014.??.??"]

{Défense Pirc, variante classique} 1. d4 Nf6 2. Nf3 g6 3. Nc3 Bg7 4. e4 d5 5.
Bd3 dxe4 6. Nxe4 Nxe4 7. Bxe4 O-O 8. O-O Nd7 9. Qe2 c5 10. Rd1 Qc7 11. c3 cxd4
12. Nxd4 a6 13. Bg5 Nc5 14. Bf3 Re8 15. Bh4 e5 16. Bd5 Bd7 17. Nb3 Ne6 18. Qe4
Rab8 19. Bg3 Kh8 20. f3 f5 21. Qc4 Bb5 22. Qxc7 Nxc7 23. a4 Nxd5 24. axb5 Ne3
25. Rd7 axb5 26. Nc5 Nc4 27. Ra7 Bf8 28. Nxb7 Nb6 29. Rf7 Kg8 30. Na5 Nc8 31.
Rac7 Ne7 32. Rxf8+ Kxf8 33. Bxe5 Rbd8 34. Nb7 Rd1+ 35. Kf2 Rc8 36. Rxc8+ Nxc8
37. b4 Kf7 38. Ke2 Rg1 39. Kf2 Rc1 40. Nd8+ Ke7 41. Nc6+ Ke6 42. Bd4 Kd5 43.
Ne5 Ne7 44. Nd7 Nc6 45. Bg7 Kd6 46. Nf8 Ne5 47. Nxh7 Rxc3 48. Nf6 Ke6 49. Kg3
Rc7 50. Bh8 Rc8 51. Bg7 Kf7 0-1

[Event "2e tournoi de maitres"]
[Site "Montigny le Bretonneux"]
[Date "2014.10.24"]
[Round "7.2"]
[White "Kambrath, Yannick"]
[Black "Ninov, Nikolai"]
[Result "0-1"]
[WhiteElo "2267"]
[BlackElo "2440"]
[Annotator "Rivier,Sylvain"]
[PlyCount "136"]
[EventDate "2014.??.??"]

{Défense Nimzo-indienne, système Rubinstein} 1. d4 Nf6 2. c4 e6 3. Nc3 Bb4 4.
e3 b6 5. Nge2 c5 6. a3 Ba5 7. Rb1 Na6 8. g3 Bb7 9. d5 b5 10. Bg2 bxc4 11. e4
exd5 12. e5 Ne4 13. O-O Nc7 14. Nxe4 dxe4 15. Qa4 Ne6 16. Qxc4 O-O 17. Rd1 f5
18. Nf4 Qe8 19. Be3 Bb6 20. Rbc1 Rc8 21. Rd6 Qf7 22. Bf1 Rfd8 23. Nxe6 dxe6 24.
Qxe6 Qxe6 25. Rxe6 Kf7 26. Rd6 Rxd6 27. exd6 Ke6 28. Rd1 Kd7 29. Bc4 h6 30. h4
Bd8 31. Bf7 Rc6 32. Bg6 Ke6 33. b4 cxb4 34. axb4 Rc4 35. Bxa7 Rxb4 36. Bd4 Ba6
37. Bxg7 Be2 38. Re1 Bf3 39. Bxh6 Rb2 40. Be3 Bb6 41. Bxb6 Rxb6 42. d7 Rd6 43.
Be8 f4 44. Kh2 Kf5 45. gxf4 Kxf4 46. h5 Rd2 47. Kg1 e3 48. fxe3+ Kg3 49. d8=Q
Rxd8 50. Rc1 Rxe8 51. Rc3 Ra8 52. Rc1 Ra2 53. Kf1 Bxh5 54. e4 Kf4 55. e5 Be2+
56. Ke1 Kxe5 57. Rc3 Kd4 58. Rh3 Bd3 59. Rg3 Ke4 60. Rh3 Re2+ 61. Kd1 Kd4 62.
Rh8 Rg2 63. Rd8+ Ke3 64. Re8+ Be4 65. Kc1 Rc2+ 66. Kd1 Rc7 67. Re5 Rg7 68. Kc1
Rb7 0-1

[Event "2e tournoi de maitres"]
[Site "Montigny le Bretonneux"]
[Date "2014.10.24"]
[Round "7.3"]
[White "Joie, Sebastien"]
[Black "Saada, Julien"]
[Result "1-0"]
[WhiteElo "2398"]
[BlackElo "2331"]
[PlyCount "34"]
[EventDate "2014.??.??"]

1. d4 d5 2. c4 e6 3. Nf3 Nf6 4. g3 dxc4 5. Bg2 Nc6 6. Qa4 Bb4+ 7. Nc3 O-O 8.
O-O Rb8 9. Ne5 Qxd4 10. Nxc6 bxc6 11. Be3 Qe5 12. Bxa7 Ra8 13. Qxb4 Rxa7 14.
Qxc4 Nd5 15. Qc5 Rb7 16. e4 Rxb2 17. exd5 cxd5 1-0

[Event "2e tournoi de maitres"]
[Site "Montigny le Bretonneux"]
[Date "2014.10.24"]
[Round "7.4"]
[White "Savina, Anastasia"]
[Black "Jessel, Stephen"]
[Result "1-0"]
[WhiteElo "2395"]
[BlackElo "2342"]
[Annotator "Rivier,Sylvain"]
[PlyCount "87"]
[EventDate "2014.??.??"]

{Défense hollandaise} 1. d4 e6 2. c4 b6 3. Nf3 Bb7 4. g3 Bb4+ 5. Nc3 f5 6. Bg2
Nf6 7. O-O Bxc3 8. bxc3 O-O 9. a4 Nc6 10. Ba3 Re8 11. d5 Na5 12. dxe6 dxe6 13.
c5 Ne4 14. cxb6 axb6 15. Qc2 Nc4 16. Rfd1 Nxa3 17. Rxa3 Qe7 18. Qb2 Qc5 19. Nd4
Rad8 20. Bxe4 Bxe4 21. Raa1 e5 22. Nf3 h6 23. Qb4 Rxd1+ 24. Rxd1 Qxb4 25. cxb4
Bxf3 26. exf3 Ra8 27. Ra1 Kf7 28. Kf1 Ke6 29. Ke2 b5 30. a5 c5 31. Kd3 cxb4 32.
Kc2 Kd5 33. Kb3 Kc6 34. Kxb4 Rd8 35. a6 Kb6 36. a7 Kb7 37. a8=Q+ Rxa8 38. Rxa8
Kxa8 39. Kxb5 Kb7 40. Kc5 Kc7 41. Kd5 e4 42. fxe4 fxe4 43. Kxe4 Kd6 44. Kf5 1-0

[Event "2e tournoi de maitres"]
[Site "Montigny le Bretonneux"]
[Date "2014.10.24"]
[Round "7.5"]
[White "Van Dongen, Patrick"]
[Black "Etrog, Jonathan"]
[Result "1-0"]
[WhiteElo "2312"]
[BlackElo "2255"]
[Annotator "Rivier,Sylvain"]
[PlyCount "47"]
[EventDate "2014.??.??"]

{Défense vieille Benoni} 1. d4 Nf6 2. Nf3 c5 3. d5 g6 4. Nc3 Bg7 5. e4 O-O 6.
Be2 b5 7. e5 Ng4 8. Bf4 b4 9. Ne4 d6 10. exd6 exd6 11. O-O Nf6 12. Nxf6+ Bxf6
13. Rb1 Re8 14. Re1 Bf5 15. Qd2 Nd7 16. Bxd6 Nb6 17. Bxc5 Qxd5 18. Qxb4 Bxc2
19. Rbc1 Re4 20. Qa5 Nc4 21. Qb5 a6 22. Bxc4 Qxc4 23. Qc6 Rb8 24. Qxf6 1-0

[Event "2e tournoi de maitres"]
[Site "Montigny le Bretonneux"]
[Date "2014.10.25"]
[Round "8.1"]
[White "Jessel, Stephen"]
[Black "Petkov, Vladimir"]
[Result "0-1"]
[WhiteElo "2342"]
[BlackElo "2528"]
[Annotator "Rivier,Sylvain"]
[PlyCount "40"]
[EventDate "2014.??.??"]

{Début Réti} 1. Nf3 d5 2. c4 d4 3. g3 c5 4. b4 cxb4 5. a3 b3 6. Qxb3 Nc6 7. Bg2
Nf6 8. O-O e5 9. e3 Be7 10. exd4 exd4 11. Re1 O-O 12. Bb2 Re8 13. d3 Nd7 14.
Nxd4 Nc5 15. Nxc6 bxc6 16. Qd1 Nxd3 17. Bxc6 Nxe1 18. Nc3 Nd3 19. Bxe8 Be6 20.
Bc6 Nxb2 0-1

[Event "2e tournoi de maitres"]
[Site "Montigny le Bretonneux"]
[Date "2014.10.25"]
[Round "8.2"]
[White "Ninov, Nikolai"]
[Black "Etrog, Jonathan"]
[Result "0-1"]
[WhiteElo "2440"]
[BlackElo "2255"]
[Annotator "Rivier,Sylvain"]
[PlyCount "64"]
[EventDate "2014.??.??"]

{Défense française, variante Winaver} 1. e4 e6 2. d4 d5 3. Nc3 Bb4 4. e5 c5 5.
Bd2 Nh6 6. Nb5 Bxd2+ 7. Qxd2 O-O 8. dxc5 Nc6 9. Nf3 b6 10. Nbd4 Nxd4 11. Qxd4
Nf5 12. Qc3 Bb7 13. c6 Rc8 14. Bb5 a6 15. Qd3 axb5 16. cxb7 Rc4 17. Nd2 Rc5 18.
f4 Qc7 19. O-O-O Qxb7 20. g4 Ne7 21. Kb1 Nc6 22. Nf3 Nb4 23. Qd2 Nxc2 24. Rc1
Rfc8 25. Rhd1 Rc4 26. f5 d4 27. b3 Na3+ 28. Ka1 Rc2 29. Qf4 Qc6 30. Rxc2 Nxc2+
31. Kb1 Na3+ 32. Kb2 Qc3+ 0-1

[Event "2e tournoi de maitres"]
[Site "Montigny le Bretonneux"]
[Date "2014.10.25"]
[Round "8.3"]
[White "Kambrath, Yannick"]
[Black "Joie, Sebastien"]
[Result "1-0"]
[WhiteElo "2267"]
[BlackElo "2398"]
[Annotator "Rivier,Sylvain"]
[PlyCount "105"]
[EventDate "2014.??.??"]

{Gambit dame} 1. d4 d5 2. c4 e6 3. Nc3 Nf6 4. cxd5 Nxd5 5. e4 Nxc3 6. bxc3 c5
7. Rb1 Qc7 8. Nf3 Nd7 9. Bd3 Be7 10. O-O O-O 11. Qe2 b6 12. Rd1 Bb7 13. d5 exd5
14. exd5 Bd6 15. Qe4 g6 16. c4 Ne5 17. Nxe5 Bxe5 18. Qh4 Qd6 19. Bg5 f6 20. Bd2
Bc8 21. Re1 Bd7 22. Qh6 f5 23. h4 Rae8 24. h5 Rf7 25. Qg5 Ree7 26. g3 Bf6 27.
Qh6 Bg7 28. Qg5 Bf6 29. Qh6 Bg7 30. Qg5 h6 31. Qf4 Qxf4 32. Bxf4 gxh5 33. Kg2
Kh7 34. Rh1 Be5 35. Kf3 Bxf4 36. Kxf4 Rg7 37. f3 Rg5 38. Rh3 Kg6 39. Rbh1 Kg7
40. Rxh5 Rxh5 41. Rxh5 Be8 42. Rh2 a6 43. Bxf5 b5 44. d6 Rf7 45. Ke5 bxc4 46.
Rc2 Bb5 47. a4 Bxa4 48. Rxc4 Be8 49. Rxc5 h5 50. Rc7 a5 51. Rxf7+ Kxf7 52. d7
Bxd7 53. Bxd7 1-0

[Event "2e tournoi de maitres"]
[Site "Montigny le Bretonneux"]
[Date "2014.10.25"]
[Round "8.4"]
[White "Saada, Julien"]
[Black "Savina, Anastasia"]
[Result "1/2-1/2"]
[WhiteElo "2331"]
[BlackElo "2395"]
[Annotator "Rivier,Sylvain"]
[PlyCount "46"]
[EventDate "2014.??.??"]

{Partie du pion dame} 1. d4 Nf6 2. Nf3 d5 3. e3 e6 4. Bd3 c5 5. O-O c4 6. Be2
b5 7. b3 Bb7 8. a4 a6 9. axb5 axb5 10. Rxa8 Bxa8 11. bxc4 bxc4 12. Ba3 Bxa3 13.
Nxa3 Nbd7 14. Qa1 Bc6 15. Ne5 Nxe5 16. dxe5 Nd7 17. Qd4 O-O 18. f4 Qa5 19. Nb1
Ba4 20. Bd1 Nb8 21. Qc3 Qb6 22. Nd2 Nc6 23. Nf3 Qb4 1/2-1/2

[Event "2e tournoi de maitres"]
[Site "Montigny le Bretonneux"]
[Date "2014.10.25"]
[Round "8.5"]
[White "Justo, Damian"]
[Black "Van Dongen, Patrick"]
[Result "1-0"]
[WhiteElo "2353"]
[BlackElo "2312"]
[Annotator "Rivier,Sylvain"]
[PlyCount "69"]
[EventDate "2014.??.??"]

{Défense Bogo-indienne} 1. d4 Nf6 2. c4 e6 3. g3 Bb4+ 4. Bd2 c5 5. Bxb4 cxb4 6.
Bg2 O-O 7. Nf3 d6 8. O-O Nc6 9. a3 bxa3 10. Nxa3 e5 11. Nb5 a6 12. dxe5 dxe5
13. Nd6 Qe7 14. c5 h6 15. Nd2 Be6 16. Qa4 Bd5 17. N2c4 Bxg2 18. Kxg2 Qc7 19.
Rfd1 Rad8 20. Rac1 g6 21. b4 Rd7 22. Qa1 Re7 23. Qb2 Re6 24. Rd2 h5 25. Rcd1
Qe7 26. b5 axb5 27. Qxb5 Rb8 28. e3 Qc7 29. Nb6 Re7 30. Qc4 Kg7 31. Qh4 Re6 32.
Ne4 Qe7 33. Nxf6 Rxf6 34. Nd5 Qe6 35. Nxf6 1-0

[Event "2e tournoi de maitres"]
[Site "Montigny le Bretonneux"]
[Date "2014.10.24"]
[Round "9.2"]
[White "Joie, Sebastien"]
[Black "Ninov, Nikolai"]
[Result "1/2-1/2"]
[WhiteElo "2398"]
[BlackElo "2440"]
[Annotator "Rivier,Sylvain"]
[PlyCount "41"]
[EventDate "2014.??.??"]

{Début Réti} 1. Nf3 d5 2. g3 g6 3. Bg2 Bg7 4. d4 c5 5. c3 cxd4 6. cxd4 Nc6 7.
Nc3 Nh6 8. Bxh6 Bxh6 9. Qb3 e6 10. h4 Qb6 11. Qxb6 axb6 12. e3 Bd7 13. Bf1 f6
14. Bb5 Na5 15. Ke2 Bxb5+ 16. Nxb5 Kd7 17. g4 Nc4 18. g5 Bg7 19. b3 Nd6 20.
Nxd6 Kxd6 21. a4 1/2-1/2

[Event "2e tournoi de maitres"]
[Site "Montigny le Bretonneux"]
[Date "2014.10.26"]
[Round "9.3"]
[White "Savina, Anastasia"]
[Black "Kambrath, Yannick"]
[Result "0-1"]
[WhiteElo "2395"]
[BlackElo "2267"]
[Annotator "Rivier,Sylvain"]
[PlyCount "55"]
[EventDate "2014.??.??"]

{Défense Grünfeld, variante d'échange} 1. d4 Nf6 2. c4 g6 3. Nc3 d5 4. cxd5
Nxd5 5. e4 Nxc3 6. bxc3 Bg7 7. Be3 c5 8. Rc1 Qa5 9. Qd2 Nc6 10. d5 Ne5 11. c4
Qxd2+ 12. Bxd2 f6 13. f4 Nf7 14. Nf3 O-O 15. h3 e6 16. Bd3 b6 17. O-O exd5 18.
cxd5 Bb7 19. Rfe1 f5 20. exf5 gxf5 21. Nh4 Nd6 22. Re5 Bxe5 23. fxe5 Ne4 24. d6
Nxd2 25. Nxf5 Be4 26. Ne7+ Kf7 27. Bc2 Ke6 28. Rd1 {suite illisible} 0-1

[Event "2e tournoi de maitres"]
[Site "Montigny le Bretonneux"]
[Date "2014.10.26"]
[Round "9.4"]
[White "Etrog, Jonathan"]
[Black "Justo, Damian"]
[Result "1/2-1/2"]
[WhiteElo "2255"]
[BlackElo "2353"]
[Annotator "Rivier,Sylvain"]
[PlyCount "53"]
[EventDate "2014.??.??"]

{Ouverture anglaise, défense Caro-Kann} 1. c4 Nf6 2. g3 c6 3. Bg2 d5 4. Nf3 Bg4
5. Ne5 Be6 6. cxd5 Bxd5 7. Nf3 c5 8. Nc3 Bc6 9. O-O Nbd7 10. d4 e6 11. Bf4 cxd4
12. Qxd4 Bc5 13. Qd2 Qe7 14. Rad1 Rc8 15. Ne5 Nxe5 16. Bxe5 Bxg2 17. Kxg2 O-O
18. Qg5 b6 19. Rd7 h6 20. Bxf6 Qxf6 21. Qxf6 gxf6 22. Rxa7 Rfd8 23. Rd1 Rxd1
24. Nxd1 Rd8 25. Nc3 Rd2 26. Na4 Rxe2 27. Nxc5 1/2-1/2

[Event "2e tournoi de maitres"]
[Site "Montigny le Bretonneux"]
[Date "2014.10.26"]
[Round "9.5"]
[White "Van Dongen, Patrick"]
[Black "Jessel, Stephen"]
[Result "1-0"]
[WhiteElo "2312"]
[BlackElo "2342"]
[Annotator "Rivier,Sylvain"]
[PlyCount "57"]
[EventDate "2014.??.??"]

{Défense française, variante Tarrasch} 1. e4 e6 2. d4 d5 3. Nd2 Nc6 4. Ngf3 Nf6
5. e5 Nd7 6. Be2 f6 7. exf6 Qxf6 8. Nf1 Bd6 9. Ne3 b6 10. O-O Bb7 11. c4 dxc4
12. Nxc4 O-O 13. Bg5 Qg6 14. Nxd6 cxd6 15. Bh4 Nf6 16. Bg3 Rad8 17. Rc1 Nd5 18.
Qa4 Nce7 19. Qxa7 Ba8 20. Rfe1 Rf7 21. Qa3 Nf4 22. Bd1 Ned5 23. Bc2 Qg4 24. Be4
Rdf8 25. Qxd6 Nxg2 26. Ne5 Qh3 27. Bxg2 Nf4 28. Bxa8 Rxa8 29. Qc6 1-0